Walt Disney's cinderella / (Record no. 2352)

MARC details
000 -LEADER
fixed length control field 00802cjm a22002535a 4500
005 - DATE AND TIME OF LATEST TRANSACTION
control field 20250813110318.0
020 ## - INTERNATIONAL STANDARD BOOK NUMBER
International Standard Book Number 033500711008
040 ## - CATALOGING SOURCE
Original cataloging agency DLC
Transcribing agency DLC
Language of cataloging eng
050 00 - LIBRARY OF CONGRESS CALL NUMBER
Classification number PZ8.C488
082 ## - DEWEY DECIMAL CLASSIFICATION NUMBER
Classification number 398.2094402
100 ## - MAIN ENTRY--PERSONAL NAME
Personal name Anonymous
245 00 - TITLE STATEMENT
Title Walt Disney's cinderella /
260 ## - PUBLICATION, DISTRIBUTION, ETC.
Place of publication, distribution, etc. Racine :
Name of publisher, distributor, etc. Western Publishing Company,
Date of publication, distribution, etc. 1986,
300 ## - PHYSICAL DESCRIPTION
Extent 25 unnumbered pages :
Other physical details illustrations
Dimensions 20 cm
505 ## - FORMATTED CONTENTS NOTE
Formatted contents note K
520 ## - SUMMARY, ETC.
Summary, etc. With the help of her fairy godmother, a kitchen maid mistreated by her stepmother and stepsisters attends the palace ball where she meets the prince of her dreams.
521 ## - TARGET AUDIENCE NOTE
Target audience note 520
Source Lexile estimate
521 ## - TARGET AUDIENCE NOTE
Target audience note K
Source Raz-Plus
650 ## - SUBJECT ADDED ENTRY--TOPICAL TERM
Topical term or geographic name entry element Fairytale
650 ## - SUBJECT ADDED ENTRY--TOPICAL TERM
Topical term or geographic name entry element Princess
906 ## - LOCAL DATA ELEMENT F, LDF (RLIN)
a 0
b ibc
c srrepla
d 3
e ncip
f 20
g y-genmusic
942 ## - ADDED ENTRY ELEMENTS (KOHA)
Source of classification or shelving scheme Dewey Decimal Classification
Koha item type Books
Suppress in OPAC No
999 ## -
-- 2352
-- 2352
Holdings
Withdrawn status Lost status Source of classification or shelving scheme Damaged status Not for loan Collection Home library Current library Shelving location Date acquired Total Checkouts Full call number Barcode Date last seen Copy number Price effective from Koha item type
    Dewey Decimal Classification     Juvenile Fiction Footprints International School Library Network Toul Kork Campus Footprints International School Library Network Toul Kork Campus TK Primary Library Room(4th Floor), Bookcase 3&4, Shelves 17-32, Yellow Books 11/20/2023   ANO 398.2094402 PZ8.C488 FISBK00133 11/20/2023 1 11/20/2023 Books
    Dewey Decimal Classification     Juvenile Fiction Footprints International School Library Network Toul Kork Campus Footprints International School Library Network Toul Kork Campus TK Primary Library Room(4th Floor), Bookcase 3&4, Shelves 17-32, Yellow Books 11/20/2023   ANO 398.2094402 PZ8.C488 2025-4081 08/13/2025 2 11/20/2023 Books